LEADER 03003 am 2200505 n 450 001 9910495991103321 005 20240104030708.0 010 $a979-1-03-656979-1 024 7 $a10.4000/books.pup.36420 035 $a(CKB)4100000011957481 035 $a(FrMaCLE)OB-pup-36420 035 $a(PPN)256384126 035 $a(EXLCZ)994100000011957481 100 $a20210617j|||||||| ||| 0 101 0 $afre 135 $auu||||||m|||| 200 02$aL?engagement politique des femmes dans le sud-est de la France de l?Ancien Régime à la Révolution$ePratiques et représentations$fMartine Lapied 210 $aAix-en-Provence$cPresses universitaires de Provence$d2021 215 $a1 online resource (168 p.) 311 $a979-1-03-200232-2 330 $afÀ la période charnière de la crise révolutionnaire, l?ouvrage questionne le rôle politique des femmes dans un moment propice à la transgression des normes. La Révolution a été considérée par la majorité des historiennes du Gender comme le tournant critique des rapports entre la République et les femmes. Les fonds d?archives provençales et comtadines et l?historiographie locale sont revisités en fonction du rôle des femmes dans l?espace public en situation de crise. Les pratiques politiques féminines sont d?abord étudiées dans la conflictualité d?Ancien Régime utilisée comme moyen d?expression politique. Malgré le refus des droits politiques, la période révolutionnaire voit des femmes patriotes s?affirmer comme membres du Souverain, en militant dans des clubs féminins ou mixtes, participant aux journées révolutionnaires et aux politiques de Terreur. D?autres Provençales et Comtadines se mobilisent pour résister au monde nouveau qui se crée et sont victimes de leur engagement. À côté des femmes agissantes que révèlent les archives, les sources montrent l?importance du rôle des représentations ? des furies de guillotine aux victimes de la Révolution mises en valeur par le camp conservateur. On constate l?influence de ces représentations sur l?évolution des options collectives et leur enracinement géographique, ainsi que sur la place des femmes dans le champ du politique jusqu?à nos jours. 606 $aPolitical Science 606 $aSocial Issues 606 $apolitique 606 $aengagement 606 $areprésentation 606 $arévolution 606 $anorme 606 $atransgression 606 $afemme 615 4$aPolitical Science 615 4$aSocial Issues 615 4$apolitique 615 4$aengagement 615 4$areprésentation 615 4$arévolution 615 4$anorme 615 4$atransgression 615 4$afemme 700 $aLapied$b Martine$0299415 801 0$bFR-FrMaCLE 906 $aBOOK 912 $a9910495991103321 996 $aL?engagement politique des femmes dans le sud-est de la France de l?Ancien Régime à la Révolution$93658755 997 $aUNINA LEADER 01480nam0 22003131i 450 001 UON00249741 005 20231205103625.28 100 $a20040217d1931 |0itac50 ba 101 $afre 102 $aFR 105 $a||||0 ||||| 200 1 $aHistoire de la langue française$edes origines a 1900. 3: La formation de la langue classique, (1600-1660). Pt.2$fFerdinand Brunot 205 $a2e éd. revue et corrigée 210 $aParis$cLibrairie Armand Colin$d1931 215 $aP. 420-733, 1 p. di tav. ripieg.$d25 cm 423 1$1001UON00372874$12001 $aˆLa ‰Formation de la langue classique, (1600-1660) 606 $aGRAMMATICA STORICA$3UONC042569$2FI 606 $aLINGUA FRANCESE STORIA SEC 17$3UONC053516$2FI 606 $aLINGUA FRANCESE GRAMMATICA STORICA$3UONC053588$2FI 620 $aFR$dParis$3UONL002984 676 $a440$cLingue romanze (Lingue neolatine) Francese$v21 700 1$aBRUNOT$bFerdinand$3UONV137382$0290036 712 $aLibrairie Armand Colin$3UONV254209$4650 801 $aIT$bSOL$c20240220$gRICA 912 $aUON00249741 950 $aSIBA - SISTEMA BIBLIOTECARIO DI ATENEO$dSI Francese IX BRU b $eSI PRV17373 7 b 950 $aSIBA - SISTEMA BIBLIOTECARIO DI ATENEO$dSI S.C I F 01 d $eSI PRV17356 6 01 d 996 $aHistoire de la langue française$9447104 997 $aUNIOR